Troubled reflections :reporting violence : (Record no. 37307)

MARC details
000 -LEADER
fixed length control field 00849nam a22002057a 4500
005 - DATE AND TIME OF LATEST TRANSACTION
control field 20100723105238.0
010 ## - LCCN (DPL NO)
LC control number ENG-96589
020 ## - INTERNATIONAL STANDARD BOOK NUMBER
International Standard Book Number 9788179860736
Terms of availability 495.00
035 ## - SYSTEM CONTROL NUMBER
System control number EN-80122
037 ## - SOURCE OF ACQUISITION
Source of stock number/acquisition DBAD/PUB
082 ## - DEWEY DECIMAL CLASSIFICATION NUMBER
Classification number 302.230954
100 ## - MAIN ENTRY--PERSONAL NAME
Personal name Thukral, Gobind
245 ## - TITLE STATEMENT
Title Troubled reflections :reporting violence :
Remainder of title media's symbiotic relationship with violence ethnic violence,terrorism and war/
Statement of responsibility, etc by Gobind Thukral
260 ## - PUBLICATION, DISTRIBUTION, ETC. (IMPRINT)
Place of publication, distribution, etc Shimla
Name of publisher, distributor, etc Indian Institute of Advance Study
Date of publication, distribution, etc 2009
270 ## - ADDRESS
Address Rashtrapati Nivas,Shimla
City Shimla
300 ## - PHYSICAL DESCRIPTION
Extent 214p.
Dimensions 23cm.(Hb)
500 ## - GENERAL NOTE
General note Inculdes bibliographical references and index
942 ## - ADDED ENTRY ELEMENTS (KOHA)
Source of classification or shelving scheme Dewey Decimal Classification
Item type English Books
Call number suffix THU
Classification part 302.230954
Holdings
Withdrawn status Lost status Not for loan Collection code Home library Current library Date acquired Source of acquisition Cost, normal purchase price Full call number Barcode Copy number Cost, replacement price Koha item type
    Not For Loan Non-fiction D.B.Act.Division D.B.Act.Division 23/07/2010 DBAD/PUB 495.00 302.230954 THU EN-80122 1 495.00 English Books

© Delhi Public Library
Hit Counter
free hit counter